LEADER 01401nam a2200289 a 4500 001 000000153202 003 CaOOAMICUS 005 20160722091704.0 008 160722s1971 it u000 u ita r 032 $aLibriCat 040 $aPUL$bita 100 1 $aNicolosi, Pietro Francesco.$0(OLS)http://pul/name/97552 245 12$aL'accusa del matrimonio dopo la morte del coniuge /$cPietro Francesco Nicolosi. 260 $aRoma :$bPontificia Università S. Tommaso d'Aquino,$c1971. 300 $a126 p. ;$c21 cm. 500 $aIn testa al front.: Pontificia Studiorum Universitas a S. Thoma Aq. in Urbe. 502 $aEstratto da tesi -- Pontificia Universitas S. Thomae de Urbe, Facultate Iure Canonico, 1971. 504 $aBibliografia in nota. 650 4$aMatrimonio (diritto canonico).$0(OLS)http://pul/subject/475 710 2 $aPontificia Università S. Tommaso.$bFacoltà di diritto canonico.$kTesi.$0(OLS)http://pul/name/82906 850 $aPUL 852 $aPUL$W1$xDP1 Tesi Pon. Univ. S. Tommaso$y44$mTH S.THOM IUS112$j176410$qTesi$B178876$CPULBib$Z2$F178876 $H35594 $81 941 1 $a16 960 $aDiritto matrimoniale canonico$9475 996 $6245$aL'accusa del matrimonio dopo la morte del coniuge$9(OLS)http://pul/title/192629 996 $6260$aRoma :$bPontificia Università S. Tommaso d'Aquino$9(OLS)http://pul/publisher/74417 LEADER 01104nam a2200277 a 4500 001 000000117799 003 CaOOAMICUS 005 20091104142951.0 008 091104t2009 it u000 u ita r 020 $a978-88-372-2342-7 040 $aPUL$bita$dReb 100 1 $aZordan, Davide.$0(OLS)http://pul/name/73558 245 10$aLouis Bouyer /$cDavide Zordan. 260 $aBrescia :$bMorcelliana,$c2009. 300 $a212 p. ;$c19 cm. 490 1 $aNovecento teologico ;$v23. 504 $aBibliografia p. 195-210. 600 14$aBouyer, Louis,$cc.o.,$d1913-2004.$0(OLS)http://pul/subject/34420 650 4$aEscatologia cristiana.$0(OLS)http://pul/subject/9754 830 0$aNovecento teologico ;$v23.$0(OLS)http://pul/title/65807 850 $aPUL 852 $aPUL$W1$xSL Religione 3$y85$m248 BOULO 1$j135180$qDDC 21$B134149$CPULBib$Z2$F134149 $H111385 $82 941 1 $a9 996 $6020$a978-88-372-2342-7$9(OLS)http://pul/number/142318 996 $6245$aLouis Bouyer$9(OLS)http://pul/title/148291 996 $6260$aBrescia :$bMorcelliana$9(OLS)http://pul/publisher/47854